| 000 | 01984pam a2200577 a 4500 | ||
|---|---|---|---|
| 001 | sjds1093351 | ||
| 003 | sjds | ||
| 005 | 20200722102729.0 | ||
| 008 | 060313s2007 flua j 000 1 eng | ||
| 010 | _a 2006008694 | ||
| 020 | _a0152059644 | ||
| 020 | _a9780152059644 | ||
| 020 | _a0152059679 | ||
| 020 | _a9780152059675 | ||
| 035 | _a332046 | ||
| 035 | _a(OCoLC)65064254 | ||
| 035 | _a332046 | ||
| 040 |
_aDLC _cDLC _dIG# _dBAKER _dBTCTA _dDPL _dUtOrBLW |
||
| 041 | 1 |
_aeng _aspa _heng |
|
| 049 | _aIFAA | ||
| 099 | _aESPANOL EASY READERS MOST | ||
| 100 | 1 |
_aMost, Bernard, _eauthor. |
|
| 245 | 1 | 2 |
_aA que no me alcanzas! = _bCatch me if you can! / _cBernard Most ; [translated by F. Isabel Campoy y Alma Flor Ada]. |
| 246 | 3 | 1 | _aA que no me alcanzas |
| 246 | 3 | 1 | _aCatch me if you can! |
| 250 | _aFirst Green Light Readers/Colección Luz Verde edition. | ||
| 260 |
_aOrlando, Fla. : _bHarcourt, _c2007. |
||
| 264 | 1 |
_aOrlando, Fla. : _bHarcourt, _c2007. |
|
| 300 |
_a1 volume (unpaged) : _bcolor illustrations ; _c23 cm. |
||
| 336 |
_atext _btxt _2rdacontent |
||
| 337 |
_aunmediated _bn _2rdamedia |
||
| 338 |
_avolume _bnc _2rdacarrier |
||
| 490 | 1 | _aGreen light readers. Level 2 | |
| 490 | 1 | _aColección Luz Verde. Nivel 2 | |
| 520 | _aA little dinosaur is not afraid of the biggest dinosaur of them all for a very special reason. | ||
| 521 | 0 | _a1.0. | |
| 521 | 1 | _a005-007. | |
| 521 | 1 | _aD-E. | |
| 521 | 2 | _a9-10. | |
| 521 | 8 |
_aAD 60 _bLexile |
|
| 526 | 0 |
_aAccelerated Reader _bLG _c1.7 _d0.5 _z36423 |
|
| 650 | 0 |
_aDinosaurs _vJuvenile fiction. |
|
| 650 | 0 |
_aGrandfathers _vJuvenile fiction. |
|
| 650 | 7 |
_aDinosaurios _vNovela juvenil. _2bidex |
|
| 650 | 7 |
_aAbuelos (Hombres) _vNovela juvenil. _2bidex |
|
| 700 | 1 | 2 |
_aMost, Bernard. _tCatch me if you can! _lSpanish. |
| 700 | 1 | 2 |
_aMost, Bernard. _tCatch me if you can! _lEnglish. |
| 830 | 0 |
_aGreen Light reader. _nLevel 2. |
|
| 830 | 0 |
_aGreen Light reader. _nLevel 2. _lSpanish. |
|
| 942 |
_cBK _2ddc |
||
| 999 |
_c19429 _d19429 |
||